Los estudios del discurso en América Latina Hoy/
Uloženo v:
| Médium: | Kniha |
|---|---|
| Jazyk: | Spanish |
| Tagy: |
Přidat tag
Žádné tagy, Buďte první, kdo vytvoří štítek k tomuto záznamu!
|
MARC
| LEADER | 00000nam a22000007a 4500 | ||
|---|---|---|---|
| 003 | cru CIDCACS/IIS | ||
| 005 | 20190206160124.0 | ||
| 007 | ta | ||
| 008 | 190206t2005 cl |||||r|||||||| 0 spa | | ||
| 999 | |c 42161 |d 42161 | ||
| 040 | |c cru CIDCACS/IIS | ||
| 245 | 1 | 4 | |a Los estudios del discurso en América Latina Hoy/ |c Adriana Bolívar |
| 300 | |a páginas 347-354: |b tabla | ||
| 773 | 0 | |0 42151 |9 2640 |a Harvey, Anamaría |d Chile: Ediciones Universidad Católica de Chile, 2005 |o 04011 |t En Torno al discurso: |z 9561408058 | |
| 942 | |2 ddc |c LI | ||



